[Event "Montcalm 2 2021-22 Online"]
[Site "Quebec CAN"]
[Date "2021.12.23"]
[Round "5"]
[White "Fecteau, Martin"]
[Black "Dube, Daniel"]
[Result "1/2-1/2"]
[WhiteElo "1869"]
[BlackElo "1884"]
[PlyCount "78"]
[EventDate "2021.11.25"]
[EventType "tourn"]
[EventRounds "5"]
[EventCountry "CAN"]

1. d4 c5 2. d5 Nf6 3. Nc3 d6 4. e4 g6 5. Nf3 a6 6. a4 Bg7 7. h3 O-O 8. Be2 e5
9. dxe6 fxe6 10. O-O d5 11. exd5 exd5 12. Bg5 d4 13. Bc4+ Kh8 14. Ne4 Qc7 15.
Bxf6 Bxf6 16. Nxf6 Rxf6 17. Qe2 Rf8 18. Qe5+ Qxe5 19. Nxe5 Bf5 20. Rac1 Nd7 21.
Nf7+ Kg7 22. Nd6 Ne5 23. Nxf5+ Rxf5 24. Be6 Rf6 25. Bd5 Rd6 26. Be4 Rb8 27. b3
b5 28. axb5 axb5 29. f4 Nc6 30. Ra1 Nb4 31. Ra7+ Kg8 32. Rfa1 c4 33. Re7 Na6
34. bxc4 bxc4 35. Ra5 d3 36. cxd3 c3 37. d4 Rbb6 38. Ra3 Rxd4 39. Rxc3 Rb8
1/2-1/2

[Event "Montcalm 2 2021-22 Online"]
[Site "Quebec CAN"]
[Date "2021.12.23"]
[Round "5"]
[White "Marquis, Paul"]
[Black "Sauve, Richard"]
[Result "1-0"]
[WhiteElo "1963"]
[BlackElo "1924"]
[PlyCount "61"]
[EventDate "2021.11.25"]
[EventType "tourn"]
[EventRounds "5"]
[EventCountry "CAN"]

1. e4 e6 2. d4 d5 3. Nd2 Nf6 4. e5 Nfd7 5. f4 c5 6. c3 Nc6 7. Ndf3 Be7 8. Bd3
cxd4 9. cxd4 Qb6 10. Ne2 f6 11. a3 O-O 12. Nc3 fxe5 13. Na4 Qd8 14. fxe5 Rf7
15. O-O Nf8 16. b4 Bd7 17. Be3 Rc8 18. Nc5 b6 19. Nb3 Nb8 20. Qe1 Ba4 21. Rb1
Qd7 22. Qd2 Bb5 23. Rfc1 Bxd3 24. Qxd3 Ng6 25. Rxc8+ Qxc8 26. Rc1 Qe8 27. Qc3
Nf4 28. Bxf4 Rxf4 29. Qc8 Qxc8 30. Rxc8+ Rf8 31. Rc7 1-0

[Event "Montcalm 3 2020-21 Online"]
[Site "Quebec CAN"]
[Date "2021.02.11"]
[Round "1"]
[White "Auger, Bertrand"]
[Black "Servant, Michel"]
[Result "0-1"]
[WhiteElo "1907"]
[BlackElo "1661"]
[PlyCount "78"]
[EventDate "2021.02.11"]
[EventType "tourn"]
[EventRounds "5"]
[EventCountry "CAN"]

1. Nf3 Nf6 2. g3 d5 3. Bg2 c6 4. O-O e6 5. b3 Bd6 6. Bb2 Nbd7 7. c4 Qb6 8. cxd5
exd5 9. Nc3 O-O 10. d3 Re8 11. Na4 Qd8 12. Rc1 Qe7 13. Rc2 Ne5 14. Nxe5 Bxe5
15. Qa1 Bxb2 16. Qxb2 Bf5 17. b4 Rac8 18. a3 Nd7 19. Nc5 Ne5 20. e4 Bg6 21.
exd5 Nxd3 22. Qb3 Ne1 23. Rc1 Nxg2 24. Kxg2 b6 25. Rfe1 Qg5 26. Nb7 Be4+ 27.
Rxe4 Rxe4 28. Rxc6 Rxc6 29. dxc6 Qe7 30. Qd5 Re2 31. Qd8+ Qxd8 32. Nxd8 Rc2 33.
b5 Kf8 34. Kf3 Ke7 35. Nb7 f6 36. Ke3 Rc3+ 37. Ke4 Rxa3 38. Kd4 Ra2 39. Kd3
Rxf2 0-1

[Event "Montcalm 3 2020-21 Online"]
[Site "Quebec CAN"]
[Date "2021.02.11"]
[Round "1"]
[White "Desbiens, Raphael"]
[Black "Dumont, Eric"]
[Result "1-0"]
[WhiteElo "2124"]
[BlackElo "1760"]
[PlyCount "113"]
[EventDate "2021.02.11"]
[EventType "tourn"]
[EventRounds "5"]
[EventCountry "CAN"]

1. e4 c6 2. d4 d5 3. Nc3 dxe4 4. Nxe4 Bf5 5. Ng3 Bg6 6. h4 h6 7. Nf3 Nf6 8. Ne5
Bh7 9. Bc4 e6 10. Qe2 Nd5 11. Qf3 Qf6 12. Bxd5 cxd5 13. Qb3 Qe7 14. Qb5+ Nd7
15. Qxb7 Qb4+ 16. Qxb4 Bxb4+ 17. c3 Nxe5 18. dxe5 Bc5 19. Ne2 O-O 20. Rh3 a5
21. Be3 Be7 22. Nd4 Rfc8 23. a4 Rc4 24. h5 Rb8 25. Nb5 Bc2 26. Bc1 Rxa4 27.
Rxa4 Bxa4 28. Nd4 Bc5 29. Rh4 Bxd4 30. Rxd4 Bb3 31. f4 Bc4 32. g4 a4 33. Rd2
Rb3 34. Rg2 a3 35. bxa3 Rxc3 36. Kd2 Rh3 37. Kc2 d4 38. Rd2 Rc3+ 39. Kb1 d3 40.
Rb2 Bd5 41. Rf2 Be4 42. Kb2 Rc8 43. a4 Rc4 44. a5 Rc5 45. Bd2 Rc2+ 46. Kb3 Bb7
47. Kb4 Ba6 48. Kb3 Bc4+ 49. Ka3 Ba6 50. Rg2 Bb7 51. Rh2 Bf3 52. g5 Be2 53. a6
Rxd2 54. a7 Rc2 55. a8=Q+ Kh7 56. g6+ fxg6 57. Qe4 1-0

[Event "Montcalm 3 2020-21 Online"]
[Site "Quebec CAN"]
[Date "2021.02.11"]
[Round "1"]
[White "Genest, Dominic"]
[Black "Bolduc, Steve"]
[Result "0-1"]
[WhiteElo "1786"]
[BlackElo "2237"]
[PlyCount "78"]
[EventDate "2021.02.11"]
[EventType "tourn"]
[EventRounds "5"]
[EventCountry "CAN"]

1. c4 c5 2. g3 g6 3. Nc3 Bg7 4. Bg2 Nc6 5. e4 d6 6. Nge2 Nf6 7. O-O O-O 8. d3
Rb8 9. Rb1 a6 10. Bg5 h6 11. Be3 b5 12. b3 Bd7 13. Qd2 Ng4 14. Bf4 g5 15. Be3
e6 16. h3 Nxe3 17. fxe3 Ne5 18. d4 Ng6 19. Rbd1 Qc7 20. dxc5 Qxc5 21. cxb5 Bxb5
22. Nxb5 axb5 23. Nd4 Ne5 24. Rc1 Qb6 25. Rc2 Rfc8 26. Rfc1 Rc5 27. Kh1 b4 28.
g4 Rbc8 29. Bf1 Bf8 30. Bg2 Rxc2 31. Rxc2 Rc5 32. Qe2 Qc7 33. Bf1 Be7 34. Qf2
Kg7 35. Qd2 Bf6 36. Bg2 Nd7 37. Rb2 Rc1+ 38. Bf1 Rxf1+ 39. Kg2 Qc1 0-1

[Event "Montcalm 3 2020-21 Online"]
[Site "Quebec CAN"]
[Date "2021.02.11"]
[Round "1"]
[White "Hines, Jason"]
[Black "Fecteau, Martin"]
[Result "0-1"]
[WhiteElo "1626"]
[BlackElo "1845"]
[PlyCount "112"]
[EventDate "2021.02.11"]
[EventType "tourn"]
[EventRounds "5"]
[EventCountry "CAN"]

1. c3 d5 2. d3 e5 3. Qc2 Nc6 4. e4 Nf6 5. Be2 Be7 6. h3 O-O 7. b4 a6 8. Nd2 d4
9. a3 dxc3 10. Ndf3 Bd6 11. Qxc3 Qe7 12. Rb1 h6 13. Bd1 Na7 14. Ne2 Bd7 15. g4
Nh7 16. Ng3 Rac8 17. Nf5 Bxf5 18. gxf5 c5 19. Qb2 cxb4 20. a4 Nc6 21. Rg1 Kh8
22. Rg4 Qf6 23. h4 Nd4 24. Ng5 Be7 25. Nxh7 Kxh7 26. h5 Qd6 27. f3 a5 28. Be3
Rc3 29. Qg2 Bf6 30. Kd2 Nxf5 31. Be2 Nxe3 32. Kxe3 Qc5+ 33. Kd2 Rc2+ 34. Kd1
Rc8 35. Ke1 Qe3 36. Rd1 Rc1 37. Kf1 Rxd1+ 38. Bxd1 Qxd3+ 39. Qe2 Qxe2+ 40. Kxe2
Bg5 41. Bb3 f6 42. Rg1 Rc3 43. Bf7 Rc7 44. Bg6+ Kg8 45. Rd1 Kf8 46. Bf5 Ke7 47.
Rd5 b6 48. Rb5 Kd6 49. Rxb6+ Kc5 50. Rb5+ Kd4 51. Be6 Rc2+ 52. Kd1 Rf2 53. Rxa5
Rxf3 54. Bd5 Kd3 55. Ke1 Bh4+ 56. Kd1 Rf1# 0-1

[Event "Montcalm 3 2020-21 Online"]
[Site "Quebec CAN"]
[Date "2021.02.11"]
[Round "1"]
[White "Oliver, Vance"]
[Black "Sauve, Richard"]
[Result "0-1"]
[WhiteElo "1674"]
[BlackElo "1921"]
[PlyCount "64"]
[EventDate "2021.02.11"]
[EventType "tourn"]
[EventRounds "5"]
[EventCountry "CAN"]

1. e4 e6 2. d4 d5 3. Nd2 Nf6 4. e5 Nfd7 5. Bd3 c5 6. c3 Nc6 7. Ne2 cxd4 8. cxd4
f6 9. exf6 Nxf6 10. Nf3 Bd6 11. O-O O-O 12. Bg5 Qb6 13. Qd2 Bd7 14. a3 Kh8 15.
Rac1 Na5 16. Rc3 Rac8 17. Rfc1 Nb3 18. Qc2 Nxc1 19. Nxc1 Rxc3 20. bxc3 Bb5 21.
Qe2 Bxd3 22. Nxd3 Ne4 23. Bd2 Bxa3 24. Nfe5 Qb1+ 25. Be1 Bd6 26. Nd7 Re8 27.
N3e5 Bxe5 28. Nxe5 Nxc3 29. Qe3 Ne4 30. f3 Nd6 31. Kf2 Qc2+ 32. Kg3 Nf5+ 0-1

[Event "Montcalm 3 2020-21 Online"]
[Site "Quebec CAN"]
[Date "2021.02.18"]
[Round "2"]
[White "Diotte, Jean-Raymond"]
[Black "Auger, Bertrand"]
[Result "0-1"]
[WhiteElo "1343"]
[BlackElo "1907"]
[PlyCount "76"]
[EventDate "2021.02.11"]
[EventType "tourn"]
[EventRounds "5"]
[EventCountry "CAN"]

1. e4 e6 2. d4 d5 3. e5 c5 4. c3 Qb6 5. f4 Nh6 6. Nf3 Bd7 7. Bd3 Bb5 8. O-O
Bxd3 9. Qxd3 Nc6 10. Na3 a6 11. Nc2 Rc8 12. Rb1 Be7 13. Be3 c4 14. Qd1 O-O 15.
Kh1 Qc7 16. h3 f5 17. Bf2 Qd8 18. Qe1 Nf7 19. Bh4 Bxh4 20. Nxh4 g5 21. Qg3 Kh8
22. Nf3 Rg8 23. Nh2 Ne7 24. Ne1 gxf4 25. Qxf4 Ng6 26. Qe3 Ng5 27. Nef3 Ne4 28.
Nd2 f4 29. Rxf4 Nxf4 30. Nxe4 Nxg2 31. Nd6 Nxe3 32. Nf7+ Kg7 33. Nxd8 Rcxd8 34.
Re1 Nf5 35. Ng4 Ng3+ 36. Kg2 Ne4 37. Kf3 h5 38. Nf6 Nxf6 0-1

[Event "Montcalm 3 2020-21 Online"]
[Site "Quebec CAN"]
[Date "2021.02.18"]
[Round "2"]
[White "Dumont, Eric"]
[Black "Hines, Jason"]
[Result "1-0"]
[WhiteElo "1760"]
[BlackElo "1626"]
[PlyCount "75"]
[EventDate "2021.02.11"]
[EventType "tourn"]
[EventRounds "5"]
[EventCountry "CAN"]

1. d4 f5 2. Bf4 Nf6 3. e3 e6 4. Bd3 b6 5. Nf3 Bb7 6. O-O Bd6 7. Ne5 Be7 8. h3
O-O 9. Nd2 Kh8 10. Ndc4 d6 11. Nf3 Qe8 12. Re1 Nh5 13. Bh2 Qg6 14. Bf1 f4 15.
exf4 Nxf4 16. Bxf4 Rxf4 17. Ncd2 Nd7 18. Bd3 Qh6 19. Be4 c6 20. Re3 Nf6 21. Bd3
Rf8 22. Rxe6 Re8 23. Qe2 Bc8 24. Rxe7 Rf8 25. h4 Bg4 26. Re1 g6 27. c3 a6 28.
g3 Bxf3 29. Nxf3 Rxf3 30. Qxf3 Nd5 31. Re8 Kg8 32. Bc4 Qg7 33. Bxd5+ cxd5 34.
Qxf8+ Qxf8 35. Rxf8+ Kxf8 36. Re6 b5 37. Rxd6 a5 38. Rxd5 1-0

[Event "Montcalm 3 2020-21 Online"]
[Site "Quebec CAN"]
[Date "2021.02.18"]
[Round "2"]
[White "Fecteau, Martin"]
[Black "Desbiens, Raphael"]
[Result "0-1"]
[WhiteElo "1845"]
[BlackElo "2124"]
[PlyCount "132"]
[EventDate "2021.02.11"]
[EventType "tourn"]
[EventRounds "5"]
[EventCountry "CAN"]

1. d4 Nf6 2. Nf3 g6 3. c4 Bg7 4. Nc3 d5 5. cxd5 Nxd5 6. e4 Nxc3 7. bxc3 c5 8.
Be3 Qa5 9. Qd2 O-O 10. Bc4 Nc6 11. Rc1 Rd8 12. d5 b5 13. Be2 c4 14. O-O e6 15.
d6 Qa3 16. Rfd1 Ne5 17. Bf4 Nxf3+ 18. Bxf3 e5 19. Bg5 Be6 20. Bxd8 Rxd8 21. Rb1
a6 22. Qb2 Qa5 23. Qb4 Qxb4 24. Rxb4 Bf8 25. Rb2 Rxd6 26. Rxd6 Bxd6 27. Rd2 Ba3
28. Rc2 Kf8 29. Kf1 Ke7 30. Ke1 a5 31. Be2 Kd6 32. Kd1 Kc5 33. Rd2 b4 34. Kc2
b3+ 35. Kb1 Kc6 36. Rd8 Bd6 37. Kb2 h5 38. f3 Bc7 39. Rd2 Bb6 40. Bd1 a4 41. a3
Bc5 42. Rd8 Kb7 43. g4 h4 44. Be2 Be7 45. Rd1 Kc7 46. h3 Bd6 47. Bf1 Kd7 48.
Rd5 Bxd5 49. exd5 Ke7 50. Bxc4 Kf6 51. Bb5 Kg5 52. Bxa4 Kf4 53. Bxb3 Kg3 54.
Bc2 Kxh3 55. a4 Kg3 56. a5 h3 57. a6 h2 58. a7 h1=Q 59. a8=Q Qxf3 60. Qc6 Qf6
61. Qb5 Kxg4 62. Kb3 Kg5 63. c4 Qf3+ 64. Kb2 Qa3+ 65. Kb1 f5 66. Qb6 Bc5 0-1

[Event "Montcalm 3 2020-21 Online"]
[Site "Quebec CAN"]
[Date "2021.02.18"]
[Round "2"]
[White "Oliver, Vance"]
[Black "Genest, Dominic"]
[Result "0-1"]
[WhiteElo "1674"]
[BlackElo "1786"]
[PlyCount "64"]
[EventDate "2021.02.11"]
[EventType "tourn"]
[EventRounds "5"]
[EventCountry "CAN"]

1. e4 c5 2. Nf3 e6 3. g3 Nc6 4. Bg2 Nf6 5. d3 Be7 6. O-O b6 7. Nbd2 Bb7 8. Re1
d5 9. c3 dxe4 10. dxe4 O-O 11. Qc2 Qc7 12. Nf1 Rad8 13. e5 Nd5 14. a3 c4 15. h4
h6 16. N1h2 Bc5 17. Ng4 h5 18. Ng5 g6 19. Nh6+ Kg7 20. Nhxf7 Qe7 21. Bh3 Rxf7
22. Nxe6+ Kh7 23. Ng5+ Kg7 24. Nxf7 Qxf7 25. Bg5 Rf8 26. Re2 Qf3 27. Qd2 Qxg3+
28. Bg2 Nxe5 29. Rxe5 Nf4 30. Re7+ Kg8 31. Rg7+ Kxg7 32. Qd7+ Kg8 0-1

[Event "Montcalm 3 2020-21 Online"]
[Site "Quebec CAN"]
[Date "2021.02.18"]
[Round "2"]
[White "Sauve, Richard"]
[Black "Servant, Michel"]
[Result "1-0"]
[WhiteElo "1921"]
[BlackElo "1661"]
[PlyCount "69"]
[EventDate "2021.02.11"]
[EventType "tourn"]
[EventRounds "5"]
[EventCountry "CAN"]

1. d4 d5 2. c4 c6 3. Nc3 Nf6 4. Nf3 Bf5 5. Bf4 e6 6. e3 Be7 7. Qb3 Qc8 8. Be2
O-O 9. O-O dxc4 10. Bxc4 b5 11. Be2 a5 12. Rfc1 Qb7 13. Ne5 b4 14. Bf3 Nd5 15.
Nxd5 cxd5 16. Qa4 Rc8 17. Be2 f6 18. Nd3 Nd7 19. Rxc8+ Rxc8 20. Qxa5 Rc2 21.
Kf1 Bxd3 22. Bxd3 Rd2 23. Qb5 Qc8 24. e4 Rxb2 25. exd5 Qc3 26. dxe6 Nf8 27. Qc4
Rxf2+ 28. Kxf2 Qxa1 29. d5 Qb2+ 30. Kg3 g5 31. Bc7 h5 32. h3 h4+ 33. Kf3 Qa1
34. d6 Qe1 35. dxe7 1-0

[Event "Montcalm 3 2020-21 Online"]
[Site "Quebec CAN"]
[Date "2021.02.25"]
[Round "3"]
[White "Bolduc, Steve"]
[Black "Auger, Bertrand"]
[Result "1-0"]
[WhiteElo "2237"]
[BlackElo "1907"]
[PlyCount "93"]
[EventDate "2021.02.11"]
[EventType "tourn"]
[EventRounds "5"]
[EventCountry "CAN"]

1. c4 Nf6 2. g3 c5 3. Bg2 Nc6 4. Nf3 g6 5. Nc3 Bg7 6. d4 cxd4 7. Nxd4 O-O 8.
Nc2 d6 9. O-O Be6 10. b3 Qd7 11. Re1 Bh3 12. Bh1 Qg4 13. Bf3 Qd7 14. Bb2 Ng4
15. Rb1 Nge5 16. Bh1 g5 17. Ne4 h6 18. f3 Bf5 19. Nf2 Be6 20. e3 f5 21. f4 Ng4
22. Bxg7 Nxf2 23. Kxf2 Kxg7 24. Nd4 Bg8 25. Nxc6 bxc6 26. Qd4+ Rf6 27. b4 Rc8
28. c5 a6 29. a4 Qc7 30. Rec1 e5 31. cxd6 exd4 32. dxc7 dxe3+ 33. Kxe3 Rxc7 34.
Rc5 Re7+ 35. Re5 Rd7 36. Rc1 Rdd6 37. Rc3 Rfe6 38. Rxe6 Rxe6+ 39. Kd4 Re2 40.
Bxc6 Rd2+ 41. Kc5 gxf4 42. gxf4 Rxh2 43. Bb7 Rf2 44. Bxa6 Rxf4 45. Bb7 Rf1 46.
a5 Ra1 47. a6 1-0

[Event "Montcalm 3 2020-21 Online"]
[Site "Quebec CAN"]
[Date "2021.02.25"]
[Round "3"]
[White "Desbiens, Raphael"]
[Black "Sauve, Richard"]
[Result "1-0"]
[WhiteElo "2124"]
[BlackElo "1921"]
[PlyCount "31"]
[EventDate "2021.02.11"]
[EventType "tourn"]
[EventRounds "5"]
[EventCountry "CAN"]

1. e4 e6 2. d4 d5 3. Nd2 dxe4 4. Nxe4 Nd7 5. Nf3 Ngf6 6. Ng3 c5 7. Bd3 Be7 8.
Qe2 O-O 9. h4 cxd4 10. Ne4 Nc5 11. Nxf6+ Bxf6 12. Bxh7+ Kxh7 13. Ng5+ Bxg5 14.
hxg5+ Kg6 15. Qh5+ Kf5 16. g6+ 1-0

[Event "Montcalm 3 2020-21 Online"]
[Site "Quebec CAN"]
[Date "2021.02.25"]
[Round "3"]
[White "Dumont, Eric"]
[Black "Fecteau, Martin"]
[Result "0-1"]
[WhiteElo "1760"]
[BlackElo "1845"]
[PlyCount "126"]
[EventDate "2021.02.11"]
[EventType "tourn"]
[EventRounds "5"]
[EventCountry "CAN"]

1. d4 d5 2. Bf4 e6 3. e3 Nf6 4. Nd2 Bd6 5. Bg3 O-O 6. Ngf3 c5 7. c3 cxd4 8.
exd4 Bxg3 9. hxg3 Nc6 10. Bd3 h6 11. Ne5 Qc7 12. f4 Nxe5 13. fxe5 Nh7 14. Nf3
f5 15. Qd2 Bd7 16. O-O-O b5 17. Kb1 a5 18. g4 Qd8 19. gxf5 exf5 20. Rh5 Qb6 21.
Nh4 Ng5 22. Rxg5 hxg5 23. Qxg5 Qh6 24. Qxh6 gxh6 25. Ng6 Rf7 26. Nf4 Bc6 27.
Nh5 b4 28. Nf6+ Kg7 29. Bxf5 bxc3 30. bxc3 Rb7+ 31. Kc1 a4 32. Rd3 Rh8 33. Be6
Rhb8 34. Rg3+ Kh8 35. Rg8+ Rxg8 36. Bxg8 Rg7 37. Bxd5 Bxd5 38. Nxd5 Rxg2 39. e6
Kg7 40. Nf4 Rf2 41. Nd3 Rxa2 42. d5 Kf6 43. c4 h5 44. c5 h4 45. Nf4 Rf2 46. e7
Kxe7 47. Ng6+ Kd7 48. Nxh4 Rf4 49. c6+ Kd6 50. Ng6 Rc4+ 51. Kb2 Kxd5 52. Ka3
Kd6 53. c7 Kxc7 54. Ne5 Rd4 55. Ka2 Kb6 56. Ka3 Kb5 57. Ka2 Re4 58. Nd3 Re2+
59. Ka1 Kc4 60. Nb2+ Kb3 61. Nd3 Rh2 62. Kb1 Rh1+ 63. Nc1+ Kc3 0-1

[Event "Montcalm 3 2020-21 Online"]
[Site "Quebec CAN"]
[Date "2021.02.25"]
[Round "3"]
[White "Hines, Jason"]
[Black "Oliver, Vance"]
[Result "0-1"]
[WhiteElo "1626"]
[BlackElo "1674"]
[PlyCount "126"]
[EventDate "2021.02.11"]
[EventType "tourn"]
[EventRounds "5"]
[EventCountry "CAN"]

1. e4 d6 2. d4 g6 3. Nc3 Bg7 4. Be3 a6 5. f4 Nd7 6. Nf3 b5 7. e5 Nb6 8. Bd3
dxe5 9. dxe5 Nd5 10. Bxb5+ axb5 11. Qxd5 Bd7 12. Bc5 c6 13. Qd4 Nh6 14. O-O-O
Nf5 15. Qd3 Bh6 16. g3 Ng7 17. Kb1 Ne6 18. Ba3 Ra7 19. Nd4 Qb8 20. Nxe6 Bxe6
21. Bc5 Ra5 22. a3 Qc7 23. Bb4 Ra6 24. Nxb5 cxb5 25. Qxb5+ Qc6 26. Qb8+ Qc8 27.
Qb5+ Qc6 28. Qd3 Ra8 29. Rd2 Qxh1+ 30. Rd1 Qc6 31. b3 Rc8 32. Kb2 Bf5 33. Qc3
Qxc3+ 34. Bxc3 O-O 35. Rd2 Bg7 36. Bb4 Rc7 37. c3 Rfc8 38. a4 f6 39. e6 Bxe6
40. Re2 Kf7 41. Re3 f5 42. a5 Rb8 43. Ka3 Rd8 44. c4 Rd1 45. Re2 Ra1+ 46. Ra2
Rxa2+ 47. Kxa2 Bc8 48. Ka3 e5 49. fxe5 Bxe5 50. Bd2 Bd6+ 51. Ka2 Re7 52. Bg5
Re2+ 53. Kb1 Rxh2 54. Bf4 Bb4 55. Be3 Rg2 56. Bf4 Kf6 57. Bc7 g5 58. Bb6 f4 59.
gxf4 gxf4 60. c5 f3 61. c6 f2 62. Bxf2 Rxf2 63. a6 Bxa6 0-1

[Event "Montcalm 3 2020-21 Online"]
[Site "Quebec CAN"]
[Date "2021.02.25"]
[Round "3"]
[White "Servant, Michel"]
[Black "Genest, Dominic"]
[Result "0-1"]
[WhiteElo "1661"]
[BlackElo "1786"]
[PlyCount "110"]
[EventDate "2021.02.11"]
[EventType "tourn"]
[EventRounds "5"]
[EventCountry "CAN"]

1. c4 e6 2. Nc3 d5 3. d4 Nf6 4. Nf3 c6 5. e3 Nbd7 6. Bd3 dxc4 7. Bxc4 b5 8. Bd3
Bd6 9. O-O a6 10. e4 e5 11. dxe5 Nxe5 12. Nxe5 Bxe5 13. Ne2 O-O 14. Qc2 c5 15.
Ng3 c4 16. Be2 Bb7 17. Bg5 Qd4 18. Bxf6 Bxf6 19. Rab1 Rfe8 20. Rfd1 Qe5 21. Bf3
Rad8 22. h3 Rxd1+ 23. Qxd1 Rd8 24. Qe2 Qc7 25. Nf5 g6 26. Nh6+ Kg7 27. Ng4 Bg5
28. Rd1 Re8 29. e5 Bxf3 30. Qxf3 h5 31. Nf6 Rxe5 32. Ne4 Be7 33. Qc3 Kg8 34.
Qd4 Re6 35. Qd5 Qc6 36. Qxc6 Rxc6 37. Rd7 Re6 38. f3 f5 39. Nc3 Bf6 40. a3 Bxc3
41. bxc3 Re3 42. Rd6 Kf7 43. Rxa6 Rxc3 44. Ra5 Rb3 45. Kf2 Kf6 46. Ke2 Ke5 47.
a4 Kd4 48. Rxb5 Rxb5 49. axb5 Kc5 50. b6 Kxb6 51. Kd2 Kc5 52. Kc3 h4 53. f4 Kd5
54. Kc2 Kd4 55. Kc1 Kc3 0-1

[Event "Montcalm 3 2020-21 Online"]
[Site "Quebec CAN"]
[Date "2021.03.04"]
[Round "4"]
[White "Auger, Bertrand"]
[Black "Oliver, Vance"]
[Result "1-0"]
[WhiteElo "1907"]
[BlackElo "1674"]
[PlyCount "59"]
[EventDate "2021.02.11"]
[EventType "tourn"]
[EventRounds "5"]
[EventCountry "CAN"]

1. Nf3 Nf6 2. g3 d5 3. Bg2 e6 4. O-O c6 5. b3 Bd6 6. Ba3 O-O 7. c4 Bxa3 8. Nxa3
Re8 9. Qc2 Qe7 10. Qb2 Na6 11. Rac1 Bd7 12. Ne5 Rad8 13. Nc2 Bc8 14. d4 Nd7 15.
Nd3 Nf8 16. e4 dxe4 17. Bxe4 Ng6 18. Rce1 Qg5 19. f4 Qh6 20. Bg2 f6 21. Rf2 Ne7
22. Ne3 c5 23. d5 exd5 24. Nxd5 Nf5 25. Rfe2 Rxe2 26. Qxe2 Qg6 27. Nf2 Kf7 28.
g4 Bd7 29. gxf5 Bxf5 30. Qe7+ 1-0

[Event "Montcalm 3 2020-21 Online"]
[Site "Quebec CAN"]
[Date "2021.03.04"]
[Round "4"]
[White "Bolduc, Steve"]
[Black "Desbiens, Raphael"]
[Result "1-0"]
[WhiteElo "2237"]
[BlackElo "2124"]
[PlyCount "101"]
[EventDate "2021.02.11"]
[EventType "tourn"]
[EventRounds "5"]
[EventCountry "CAN"]

1. c4 Nf6 2. g3 c6 3. Nf3 d5 4. Bg2 Bf5 5. b3 Nbd7 6. Bb2 e6 7. d3 Bd6 8. O-O
e5 9. cxd5 cxd5 10. Nc3 O-O 11. e4 Be6 12. exd5 Nxd5 13. Ne4 Bc7 14. Ba3 Re8
15. Nd6 Bxd6 16. Bxd6 Bg4 17. Ba3 Rc8 18. h3 Bh5 19. Qd2 Nb8 20. Rfe1 Nc6 21.
Rac1 f6 22. Rc5 b6 23. Rc4 Qd7 24. Rec1 Bf7 25. Qe1 Bg6 26. Bf1 b5 27. Rc5 b4
28. Bb2 Nde7 29. Nd2 Bxd3 30. Bg2 Nd4 31. Bxd4 Qxd4 32. Nf3 Qe4 33. Qd2 Rcd8
34. Ne1 Qd4 35. Nxd3 Qxd3 36. Qxb4 Nf5 37. Be4 Qd4 38. R5c4 Qd7 39. Bc6 Qd3 40.
Bxe8 Nxg3 41. Bf7+ Kh8 42. Qe1 Ne2+ 43. Kh2 Qf3 44. R1c3 Nxc3 45. Rxc3 Qf4+ 46.
Kg2 g5 47. Qe3 Qb4 48. Bc4 g4 49. Rd3 gxh3+ 50. Qxh3 Rf8 51. Rd7 1-0

[Event "Montcalm 3 2020-21 Online"]
[Site "Quebec CAN"]
[Date "2021.03.04"]
[Round "4"]
[White "Genest, Dominic"]
[Black "Dumont, Eric"]
[Result "1/2-1/2"]
[WhiteElo "1786"]
[BlackElo "1760"]
[PlyCount "92"]
[EventDate "2021.02.11"]
[EventType "tourn"]
[EventRounds "5"]
[EventCountry "CAN"]

1. c4 Nf6 2. g3 g6 3. Bg2 Bg7 4. e4 d6 5. d4 O-O 6. Ne2 c6 7. O-O Na6 8. f4 Qb6
9. e5 dxe5 10. fxe5 Ng4 11. Qb3 Bf5 12. Nbc3 Qb4 13. h3 Nh6 14. Bd2 Bd3 15. c5
Rad8 16. Bg5 Bxe2 17. Nxe2 Nf5 18. Qxb4 Nxb4 19. Rxf5 f6 20. Bd2 gxf5 21. exf6
Bxf6 22. Bxb4 Bxd4+ 23. Nxd4 Rxd4 24. Bc3 Rc4 25. Re1 Rf7 26. Re5 Kf8 27. Bf1
Re4 28. Bd3 Rxe5 29. Bxe5 e6 30. Bc4 Ke7 31. Kf2 Kd7 32. Kf3 Rf8 33. Kf4 Rg8
34. Bd6 Rg6 35. b4 Rh6 36. Ke5 Rg6 37. a4 Rxg3 38. Bxe6+ Kd8 39. Bxf5 h5 40. b5
cxb5 41. axb5 Rb3 42. Bg6 Rxh3 43. c6 bxc6 44. bxc6 Rc3 45. c7+ Rxc7 46. Bxc7+
Kxc7 1/2-1/2

[Event "Montcalm 3 2020-21 Online"]
[Site "Quebec CAN"]
[Date "2021.03.04"]
[Round "4"]
[White "Sauve, Richard"]
[Black "Fecteau, Martin"]
[Result "1/2-1/2"]
[WhiteElo "1921"]
[BlackElo "1845"]
[PlyCount "98"]
[EventDate "2021.02.11"]
[EventType "tourn"]
[EventRounds "5"]
[EventCountry "CAN"]

1. d4 d5 2. c4 c6 3. Nc3 Nf6 4. Nf3 a6 5. e3 e6 6. Bd3 Bd6 7. O-O O-O 8. Bd2
Nbd7 9. c5 Bc7 10. b4 e5 11. Bf5 e4 12. Ne1 g6 13. Bh3 Nh5 14. f3 Qh4 15. fxe4
dxe4 16. Qg4 Qxg4 17. Bxg4 f5 18. Bxh5 gxh5 19. g3 Nf6 20. Ng2 Be6 21. Nf4 Bc4
22. Rfc1 Bf7 23. a4 Kg7 24. b5 axb5 25. axb5 Rfb8 26. b6 Bd8 27. Nd1 Nd5 28.
Nf2 Nxf4 29. gxf4 h4 30. Nd1 Bf6 31. h3 Kf8 32. Kf2 Ke8 33. Nb2 Kd7 34. Be1 Rg8
35. Kf1 Rxa1 36. Rxa1 Kc8 37. Ra4 Kb8 38. Nc4 Bxc4+ 39. Rxc4 Kc8 40. Ra4 Kd7
41. Ra7 Rb8 42. Bc3 Ke6 43. Ke2 Kd5 44. Kd2 Kc4 45. Kc2 Bh8 46. Ra4+ Kd5 47.
Kb3 Bf6 48. Ra7 Be7 49. Be1 Bf6 1/2-1/2

[Event "Montcalm 3 2020-21 Online"]
[Site "Quebec CAN"]
[Date "2021.03.04"]
[Round "4"]
[White "Servant, Michel"]
[Black "Hines, Jason"]
[Result "0-1"]
[WhiteElo "1661"]
[BlackElo "1626"]
[PlyCount "140"]
[EventDate "2021.02.11"]
[EventType "tourn"]
[EventRounds "5"]
[EventCountry "CAN"]

1. c4 d6 2. Nc3 f5 3. g3 e5 4. Bg2 Nf6 5. e3 Be7 6. Nge2 O-O 7. O-O a5 8. d3
Kh8 9. b3 Nbd7 10. Bb2 c6 11. Re1 Qe8 12. d4 Ng8 13. Qd2 Ndf6 14. f4 e4 15. d5
c5 16. Nb5 Qh5 17. Nc7 Rb8 18. Rad1 Ng4 19. h3 N8h6 20. Ne6 Bxe6 21. dxe6 b6
22. Nc3 Qg6 23. hxg4 Nxg4 24. Bh3 Nf6 25. Qf2 Ne8 26. Nd5 Qxe6 27. Nxe7 Qxe7
28. Rd2 Rd8 29. Red1 Qe6 30. Qg2 Qg6 31. g4 fxg4 32. Qxg4 Qf7 33. Qg5 Rd7 34.
Bxd7 Qxd7 35. Rxd6 Qh3 36. Bxg7+ Nxg7 37. Rd8 Qxe3+ 38. Kf1 Qf3+ 39. Ke1 Qc3+
40. R1d2 Ne6 41. Rxf8+ Nxf8 42. Qe5+ Qxe5 43. fxe5 Kg7 44. Rd6 Ng6 45. Rxb6
Nxe5 46. Rb5 h5 47. Rxa5 h4 48. Kf1 Nd3 49. Ra7+ Kg6 50. Re7 Kf5 51. a4 h3 52.
a5 Nb4 53. Kf2 Nc6 54. Rh7 Nxa5 55. Rxh3 Kf4 56. Rc3 Nc6 57. Rh3 Nb4 58. Rh4+
Ke5 59. Ke3 Nc2+ 60. Kd2 Nd4 61. Rh5+ Kf4 62. Rh4+ Kf3 63. Rh3+ Kf2 64. Re3
Nf3+ 65. Kc3 Kxe3 66. b4 cxb4+ 67. Kxb4 Ne5 68. Kc3 Nc6 69. c5 Kf2 70. Kd2 e3+
0-1

[Event "Montcalm 3 2020-21 Online"]
[Site "Quebec CAN"]
[Date "2021.03.11"]
[Round "5"]
[White "Desbiens, Raphael"]
[Black "Genest, Dominic"]
[Result "1-0"]
[WhiteElo "2124"]
[BlackElo "1786"]
[PlyCount "43"]
[EventDate "2021.02.11"]
[EventType "tourn"]
[EventRounds "5"]
[EventCountry "CAN"]

1. e4 c5 2. Nf3 e6 3. d4 cxd4 4. Nxd4 Nc6 5. Nb3 Nf6 6. Bd3 d5 7. exd5 Nxd5 8.
O-O Bd6 9. c4 Nde7 10. c5 Be5 11. Qe2 Qc7 12. f4 Bf6 13. Na3 Nd4 14. Bb5+ Bd7
15. Nxd4 Bxd4+ 16. Be3 Bxe3+ 17. Qxe3 Nd5 18. Qd4 b6 19. c6 Bxc6 20. Rac1 Ne7
21. Qxg7 Rg8 22. Bxc6+ 1-0